| 000 | 00699nam a2200217Ia 4500 | ||
|---|---|---|---|
| 005 | 20250508164743.0 | ||
| 008 | 008 250505s9999 xx 000 0 eng d | ||
| 020 | _a978-81-317-2808-6 | ||
| 037 | _aTextual | ||
| 040 |
_aFEDL _beng _cFEDL |
||
| 041 |
_aeng _2eng |
||
| 084 |
_a370.715, DAN _qFEDL |
||
| 100 |
_aDana Nancy Fichtman _9779081 |
||
| 245 | 0 | _aReflective educator's guide to professional development : Coaching inquiry-oriented learning communities | |
| 260 |
_aThousand Oaks, Calfornia _bCorwin Press _c2008 |
||
| 300 | _axix,182p. | ||
| 365 |
_aUSD _b33.95 |
||
| 700 |
_a Yendol-Hoppey Diane _9779082 |
||
| 942 |
_cTEXL _h370.715, DAN |
||
| 999 |
_c1390931 _d1390931 |
||